• 首页
  • 本馆介绍
  • 公告通知
  • 最新文献
  • 馆藏检索
  • 电子资源
  • 读者导购
  • 参考咨询
  • 我的图书馆
  • 登录
  • 详细信息显示
  • 放入我的书架
  • 预约/预借图书
  • 作者相关作品
  • 分类相关作品
  • 丛书相关作品
  • 出版社相关作品

书目信息

  • 表格格式
  • 工作单格式
  • 卡片格式
题名:
西方美学史
    
 
作者: 彭立勋 , 邱紫华 , 吴予敏 著
分册: 第二卷   文艺复兴至启蒙运动美学
出版信息: 北京   中国社会科学出版社  2005
页数: 704页
开本: 23cm
丛书名:
单 册:
中图分类: B83-095 , B83-09
科图分类:
主题词: 美学史--西方国家
电子资源:
ISBN: 7-5004-5242-X
000 01564nam0 2200349 450
000 01527nam0 2200337 450
000 01469nam0 2200325 450
000 01415nam0 2200301 450
000 01411nam0 2200289 450
000 01374nam0 2200277 45
001 TS2006042949
005 20061203142658.04
010    @a7-5004-5242-X@dCNY50.00
100    @a20060829d2005 ekmy0chiy0120 ea
101 0  @achi
102    @aCN@b110000
105    @ay z 000yy
200 1  @a西方美学史@AXi Fang Mei Xue Shi@h第二卷@HDi Er Juan@i文艺复兴至启蒙运动美学@IWen Yi Fu Xing Zhi Qi Meng Yun Dong Mei Xue@f彭立勋, 邱紫华, 吴予敏著@FPeng Li Xun , Qiu Zi Hua , Wu Yu Min Zhu
210    @a北京@c中国社会科学出版社@d2005
215    @a704页@d23cm
330    @a本书第二卷主要论述从文艺复兴至启蒙运动时期(公元14世纪至18世纪末)欧洲各国美学思想的发展。全书分两篇:第一篇“文艺复兴时美学”;第二篇“17~18世纪和启蒙运动美学”。作者在论述各时期美学家的美学观点和主要美学流派、思潮的基础上,力图阐明各种美学观点、美学流派、美学思潮的相互关系,揭示了不同国家、不同流派的美学思想发展的特点和规律。
517 1  @a文艺复兴至启蒙运动美学@AWen Yi Fu Xing Zhi Qi Meng Yun Dong Mei Xue
606 0  @a美学史@y西方国家
690    @aB83-095@v4
690    @aB83-09@v3
701  0 @a彭立勋@APeng Li Xun@4著
701  0 @a邱紫华@AQiu Zi Hua@4著
701  0 @a吴予敏@AWu Yu Min@4著
801  0 @aCN@b中图数据@c20061203
905    @a10447@dB83-09@e212:2
    
    西方美学史.第二卷.文艺复兴至启蒙运动美学/彭立勋, 邱紫华, 吴予敏著.-北京:中国社会科学出版社,2005
    704页;23cm
    
    
    ISBN 7-5004-5242-X:CNY50.00
    本书第二卷主要论述从文艺复兴至启蒙运动时期(公元14世纪至18世纪末)欧洲各国美学思想的发展。全书分两篇:第一篇“文艺复兴时美学”;第二篇“17~18世纪和启蒙运动美学”。作者在论述各时期美学家的美学观点和主要美学流派、思潮的基础上,力图阐明各种美学观点、美学流派、美学思潮的相互关系,揭示了不同国家、不同流派的美学思想发展的特点和规律。
●
相关链接 在E读中查询图书 在五车中查询图书 在当当中查询图书 在豆瓣中查询图书


正题名:西方美学史     索取号:B83-09/212:2         预约/预借

序号 登录号 条形码 馆藏地/架位号 状态 备注
1 0607048   206070482   第一样本阅览室/ [索取号:B83-09/212:2] 在馆    
2 0607049   206070491   第一借阅区/ [索取号:B83-09/212:2] 在馆    
3 0607050   206070507   第一借阅区/ [索取号:B83-09/212:2] 在馆    
唐山师范学院图书馆 欢迎您!
大连网信软件有限公司© 版权所有